La descendencia de la serpiente o ser sapiente (Registro nro. 324085)

Detalles MARC
000 -ENCABEZADO
Número de control [NR] 03253nam a2200313Ia 4500
005 - FECHA Y HORA DE LA ÚLTIMA TRANSACCIÓN
control field 20240408110611.0
008 - DE LONGITUD FIJA DE DATOS DE ELEMENTOS - INFORMACIÓN GENERAL
Elementos de longitud fija [NR] 130821s2011 ck gr dspa
020 ## - NUMERO INTERNACIONAL NORMALIZADO PARA LIBROS [R]
Número Internacional Normalizado del libro [NR] 9789584902740
020 ## - NUMERO INTERNACIONAL NORMALIZADO PARA LIBROS [R]
Número Internacional Normalizado del libro [NR] 9789584902733
020 ## - NUMERO INTERNACIONAL NORMALIZADO PARA LIBROS [R]
Número Internacional Normalizado del libro [NR] 9789584902757
020 ## - NUMERO INTERNACIONAL NORMALIZADO PARA LIBROS [R]
Número Internacional Normalizado del libro [NR] 9789584986085
020 ## - NUMERO INTERNACIONAL NORMALIZADO PARA LIBROS [R]
Número Internacional Normalizado del libro [NR] 97895849027333
040 ## - FUENTE DE CATALOGACION [NR]
Agencia de catalogación original [NR] CO-BoUCM
Idioma de catalogación [NR] spa
Quien Cataloga Sandra Yazo (modificó)
Quien Clasifica Sandra Yazo (modificó)
041 00 - CODIGO DE IDIOMA [R]
Código de idioma para texto/pista de sonido o título separado [R] Español
082 04 - NUMERO DE CLASIFICACION DECIMAL DEWEY [R]
Número de clasificación [R] 929.2
Número de la edición [NR] 20
092 ## - SIGNATURA TOPOGRAFICA LOCAL
Número de clasificación local E63N155
100 1# - ASIENTO PRINCIPAL--NOMBRE PERSONAL [NR]
Nombre personal [NR] García Vázquez, Julio César
ID Autoridad 180465
245 13 - MENCION DE TITULO [NR]
Título [NR] La descendencia de la serpiente o ser sapiente
Mención de responsabilidad, etc. [NR] Julio César García Vázquez
260 ## - PUBLICACION, DISTRIBUCION, ETC. (PIE DE IMPRENTA) [R]
Lugar de publicación, distribución, etc. [R] Bogotá (Colombia)
Nombre del editor, distribuidor, etc. [R] Intergráficas S. A.
Fecha de publicación, distribución, etc. [R] 2021
300 ## - DESCRIPCION FISICA [R]
Extensión [R] 3 volúmenes (506 ; 590 ; 583 páginas)
Dimensiones [R] 28 x 21 cm.
500 ## - NOTA GENERAL [R]
Nota general [NR] Detalles físicos: Encuadernación flexible en cartulina.Tapas impresas. Texto impreso en una y dos columnas. Tablas e ilustraciones entre el texto. Incluye como anexo 4 hojas plegadas 3 copias y CD1: La descendencia de la serpiente o ser sapiente Julio César García Vázquez y CD 2: Fundador de la Universidad La Gran Colombia, Julio cesar García Valencia. Donación al archivo por Julio Cesar García Vásquez (2023)
500 ## - NOTA GENERAL [R]
Nota general [NR] Incluye índice.
505 ## - NOTA DE CONTENIDO CON FORMATO PREESTABLECIDO [R]
Nota de contenido con formato preestablecido [NR] V.1: Indice de esquemas de interconexión familiar ; El origen de la Descendencia de la Serpiente o ser sapiente y su ubicación en el tiempo y en el espacio ; La inteligencia del ser sapiente ; El Edeén ; Lilith ; Adan y Eva no eran Homo sapiens ; Caín y Set ; Los años de Adén a Isaac ; La destrucción de Sodoma y Gomorra ; La era de Aries ; La era de Piscis ; Los Iluminados de Baviera -- V.2: Participación de Vikingos, cruzados y templarios en el descubrimientos de América ; Avances previos al primer viaje de Cristóbal Colón: Los avances de Portugal en la navegación impulsada con la ayuda de los templarios y/o caballeros de la orden de Cristo de Portugal y el parentesco de los suegros de Cristóbal Colon con estos navegantes ; ¿Quién era realmente Cristóbal el descubridor de América? Otros aportes genealógicos al descubrimiento de América ; Parte de la riqueza del descendiente de vikingos Guillermo I de Hesse Kassel fue desfalcada por Mayer Amschel Bauer y de allí surgió la riqueza de los Rothschild, los Iluminati y el dominio mundial ; El Ultracapitalismo - el Sinonismo y el Marxismo: Su actuación conjunta universal, incluyendo a Colombia -- V.3: Revolución Rusa y la primera Guerra Mundial inducida y financiada por los grandes banqueros que han venido impulsado el Nuevo Orden Mundial ; Las Guerras de Estados Unidos ; El nuevo orden mundial o la guerra de unos pocos por dominar la tierra ; La segunda Guerra mudial: de Thule al desastre de la Segunda Guerra Mundial – en la sociedad Thule a un hombrecillo apellidado Hitler (posible bisnieto de Salomón Mayer Rothschild) lo convirtieron en el III Reich ; La Guerra de las Drogas, el Narcotráfico y la guerra que Estados Unidos le trajo a Colombia ; La guerra por la riquezas ; La guerra por dominar la mente y comportamiento de los humanos
506 ## - NOTA DE RESTRICCIONES DE ACCESO [R]
Condiciones de acceso [NR] Consulta en sala
650 #7 - ASIENTO SECUNDARIO DE MATERIA - TERMINO TEMATICO [R]
Término temático o nombre geográfico como elemento de entrada [NR] Biografías
9 (RLIN) 7343
650 #7 - ASIENTO SECUNDARIO DE MATERIA - TERMINO TEMATICO [R]
Término temático o nombre geográfico como elemento de entrada [NR] Genealogía
9 (RLIN) 16298
690 ## - ASUNTO AGREGADO LOCAL DE ENTRADA - TÉRMINO TEMÁTICO (OCLC, RLIN)
Acceso temático local Historia universal
9 (RLIN) 16951
942 ## - ELEMENTOS DE ENTRADA AGREGADOS (KOHA)
Tipo de ítem principal el descrito en 300a Libro
Tema principal 19
Edición 1
Parte restante de la signatura top. G326
Sistema de clasificación LOCAL
Clasificación E63N155
Existencias
Suprimido Perdido Sistema de clasificación Dañado No prestable Tipo de ítem específico Ubicación habitual Ubicación actual Localización Fecha de creación Forma de adquisición Costo Volúmen / Fascículo Signatura topográfica Código de barras Última vez visto Ejemplar Price effective from Tipo de ítem Total préstamos
    LOCAL     Libro archivo Archivo Histórico Archivo Histórico Archivo histórico 05/04/2024 Donación 0.00 V.1 E63N155 L007026 05/04/2024 Ej.1 05/04/2024 Libro  
    LOCAL     Libro archivo Archivo Histórico Archivo Histórico Archivo histórico 05/04/2024 Donación 0.00 V.2 E63N155 L007027 05/04/2024 Ej.1 05/04/2024 Libro  
    LOCAL     Libro archivo Archivo Histórico Archivo Histórico Archivo histórico 05/04/2024 Donación 0.00 V.3 E63N155 L007028 05/04/2024 Ej.1 05/04/2024 Libro